| 000 | 01085pam a2200337 a 4500 | ||
|---|---|---|---|
| 001 | 1477788 | ||
| 003 | OSt | ||
| 005 | 20140310184335.0 | ||
| 008 | 870610s1988 nyu j 000 1 eng | ||
| 010 | _a 87018454 | ||
| 020 | _a0439756480 | ||
| 040 |
_aDLC _cDLC _dDLC |
||
| 042 | _alcac | ||
| 050 | 0 | 0 |
_aPZ 7 _b.H389Ze 2005 |
| 100 | 1 |
_aHenkes, Kevin. _924083 |
|
| 245 | 1 | 4 |
_aThe zebra wall / _cby Kevin Henkes. |
| 250 | _a1st ed. | ||
| 260 |
_aNew York : _bGreenwillow Books, _c2005 |
||
| 300 |
_a147 p. ; _c19 cm. |
||
| 520 | _aWhen ten-year-old Adine's mother has a new baby, eccentric Aunt Irene comes to stay and shares Adine's bedroom--an event which requires a great deal of adjustment. | ||
| 521 | _aG6 | ||
| 526 | _c800 | ||
| 562 | _e1 | ||
| 650 | 1 |
_aAunts _xFiction. _924087 |
|
| 650 | 1 |
_aBabies _xFiction. _924088 |
|
| 650 | 1 |
_aFamily life _xFiction. _924089 |
|
| 856 | 4 | 2 |
_3Publisher description _uhttp://www.loc.gov/catdir/description/hc044/87018454.html |
| 906 |
_a7 _bcbc _corignew _d1 _eocip _f19 _gy-gencatlg |
||
| 942 |
_2lcc _cBK-SCHOLAS |
||
| 999 |
_c33722 _d33722 |
||